000 00653nam a2200217 a 4500
001 000001022
005 20260120073949.0
008 090612s199u dr a 001 0 spa d
040 _aDO-SdBNP
_bspa
_cBNPHU
082 _a291.4
_bC933g
100 1 _aCristo, Leonardo
_93543
245 1 0 _aGenes, purificación, sacrificio y castidad /
_cLeonardo Cristo.
260 _aSanto Domingo :
_bGlobo Estudio,
_c[199?].
300 _a99 p. ;
_c22 cm.
590 _aInventariado, 2018/VM
500 _aIncluye índice
650 0 _aVida espiritual
_9268
650 0 _aFamilias
_9795
650 0 _aMatrimonio
_9797
910 _aValidado. Control de calidad MMOLINA
999 _c1001
_d1001